| 000 | 00880nam a2200277 a 4500 | ||
|---|---|---|---|
| 001 | 20474 | ||
| 003 | BD-RjUL | ||
| 005 | 20211209000553.0 | ||
| 008 | 140301r19661965enk b 001 0 eng d | ||
| 035 | _a(BD-RjUL)20536 | ||
| 035 | _a(OCoLC)2272444 | ||
| 040 |
_aCIN _cCIN _dEQO _dBD-RjUL _beng |
||
| 041 | _aeng | ||
| 082 | 0 | 4 |
_a823.09 _bHAC 1966 |
| 090 |
_aPN3383.C5 _bH3 |
||
| 099 |
_a*ML A.8 - 7W-V - G5 _e: Character and the novel |
||
| 100 | 1 |
_aHarvey, W. J. _q(William John), _d1925-1967. _963136 |
|
| 245 | 1 | 0 |
_aCharacter and the novel / _cby W. J. Harvey |
| 260 |
_aLondon : _bChatto & Windus, _c1965 [impression 1966]. |
||
| 300 |
_a222 p. ; _c23 cm. |
||
| 504 | _a includes Bibliographical reference and index. | ||
| 650 | 0 |
_aCharacters and characteristics in literature _954190 |
|
| 650 | 0 |
_aFiction _xTechnique _951866 |
|
| 942 |
_2ddc _cBK |
||
| 999 |
_c20474 _d20474 |
||